[Event "DEM U10w 2021"]
[Site "Willingen GER"]
[Date "2021.08.28"]
[Round "9"]
[White "Czäczine, Paula"]
[Black "Mehner, Clara"]
[Result "1-0"]
[Termination "normal"]
[Board "2"]
[WhiteElo "1127"]
[BlackElo "1159"]
[WhiteClock "00:12:49"]
[BlackClock "00:09:31"]
[PlyCount "79"]
[WhiteFideId "16249305"]
[BlackFideId "34612165"]
[EventCountry "GER"]
[EventRounds "11"]
[EventType "swiss"]
[EventDate "2021.08.22"]

1. e4 {[%clk 01:15:55]} {[%emt 00:00:04]} e5 {[%clk 01:15:54]} {[%emt
00:00:07]} 2. Nf3 {[%clk 01:16:19]} {[%emt 00:00:06]} Nc6 {[%clk 01:16:13]}
{[%emt 00:00:10]} 3. d4 {[%clk 01:16:41]} {[%emt 00:00:08]} exd4 {[%clk
01:16:29]} {[%emt 00:00:15]} 4. Nxd4 {[%clk 01:17:00]} {[%emt 00:00:10]} Qh4
{[%clk 01:15:56]} {[%emt 00:01:03]} 5. Nb5 {[%clk 01:16:56]} {[%emt 00:00:34]}
Qxe4+ {[%clk 01:15:24]} {[%emt 00:01:02]} 6. Be2 {[%clk 01:17:04]} {[%emt
00:00:23]} Kd8 {[%clk 01:09:40]} {[%emt 00:06:13]} 7. O-O {[%clk 01:15:54]}
{[%emt 00:01:41]} a6 {[%clk 01:07:53]} {[%emt 00:02:17]} 8. N5c3 {[%clk
01:15:28]} {[%emt 00:00:55]} Qg6 {[%clk 01:05:33]} {[%emt 00:02:50]} 9. Nd2
{[%clk 01:12:21]} {[%emt 00:03:37]} Bc5 {[%clk 01:01:46]} {[%emt 00:04:15]} 10.
Nde4 {[%clk 01:10:00]} {[%emt 00:02:50]} Bb6 {[%clk 00:58:53]} {[%emt
00:03:25]} 11. Bh5 {[%clk 01:02:30]} {[%emt 00:08:01]} Qf5 {[%clk 00:52:04]}
{[%emt 00:07:15]} 12. Ng5 {[%clk 00:55:11]} {[%emt 00:07:53]} Nh6 {[%clk
00:44:56]} {[%emt 00:07:38]} 13. g4 {[%clk 00:42:36]} {[%emt 00:13:05]} Qc5
{[%clk 00:40:20]} {[%emt 00:05:06]} 14. Bxf7 {[%clk 00:40:26]} {[%emt
00:02:40]} Qd4 {[%clk 00:36:36]} {[%emt 00:04:14]} 15. Qxd4 {[%clk 00:35:48]}
{[%emt 00:05:08]} Nxd4 {[%clk 00:36:23]} {[%emt 00:00:43]} 16. Bb3 {[%clk
00:34:28]} {[%emt 00:01:50]} Rf8 {[%clk 00:34:16]} {[%emt 00:02:35]} 17. Nxh7
{[%clk 00:31:21]} {[%emt 00:03:38]} Nxb3 {[%clk 00:29:47]} {[%emt 00:05:00]}
18. Bg5+ {[%clk 00:29:05]} {[%emt 00:02:46]} Ke8 {[%clk 00:29:10]} {[%emt
00:01:06]} 19. Rae1+ {[%clk 00:29:19]} {[%emt 00:00:17]} Kf7 {[%clk 00:28:56]}
{[%emt 00:00:42]} 20. Re7+ {[%clk 00:28:09]} {[%emt 00:01:42]} Kg8 {[%clk
00:28:21]} {[%emt 00:01:03]} 21. Nxf8 {[%clk 00:28:02]} {[%emt 00:00:39]} Nd2
{[%clk 00:27:28]} {[%emt 00:01:23]} 22. Bxd2 {[%clk 00:27:18]} {[%emt
00:01:14]} Kxf8 {[%clk 00:27:10]} {[%emt 00:00:48]} 23. Re4 {[%clk 00:25:16]}
{[%emt 00:02:32]} d6 {[%clk 00:26:37]} {[%emt 00:01:02]} 24. h3 {[%clk
00:24:11]} {[%emt 00:01:36]} Bd7 {[%clk 00:23:57]} {[%emt 00:03:08]} 25. Nd5
{[%clk 00:23:30]} {[%emt 00:01:12]} Bc6 {[%clk 00:21:17]} {[%emt 00:03:10]} 26.
Nxb6 {[%clk 00:23:23]} {[%emt 00:00:39]} cxb6 {[%clk 00:20:55]} {[%emt
00:00:52]} 27. Re6 {[%clk 00:22:53]} {[%emt 00:00:59]} Nf7 {[%clk 00:19:53]}
{[%emt 00:01:30]} 28. Bf4 {[%clk 00:21:19]} {[%emt 00:02:05]} d5 {[%clk
00:18:27]} {[%emt 00:01:56]} 29. Rfe1 {[%clk 00:18:17]} {[%emt 00:03:32]} Rc8
{[%clk 00:17:54]} {[%emt 00:01:02]} 30. Re7 {[%clk 00:14:54]} {[%emt 00:03:55]}
g5 {[%clk 00:15:47]} {[%emt 00:02:37]} 31. Bg3 {[%clk 00:13:48]} {[%emt
00:01:35]} d4 {[%clk 00:13:30]} {[%emt 00:02:47]} 32. Rc7 {[%clk 00:12:43]}
{[%emt 00:01:35]} Rd8 {[%clk 00:11:10]} {[%emt 00:02:50]} 33. Ree7 {[%clk
00:12:24]} {[%emt 00:00:50]} Bd5 {[%clk 00:11:01]} {[%emt 00:00:38]} 34. Red7
{[%clk 00:12:00]} {[%emt 00:00:56]} Re8 {[%clk 00:10:58]} {[%emt 00:00:27]} 35.
Rxd5 {[%clk 00:12:09]} {[%emt 00:00:26]} Nd8 {[%clk 00:09:51]} {[%emt
00:01:31]} 36. Rf5+ {[%clk 00:11:58]} {[%emt 00:00:47]} Kg8 {[%clk 00:09:31]}
{[%emt 00:00:50]} 37. Rxg5+ {[%clk 00:12:15]} {[%emt 00:00:12]} Kh8 {[%clk
00:09:22]} {[%emt 00:00:38]} 38. Be5+ {[%clk 00:12:34]} {[%emt 00:00:14]} Rxe5
{[%clk 00:09:30]} {[%emt 00:00:21]} 39. Rxe5 {[%clk 00:12:56]} {[%emt
00:00:08]} Kg8 {[%clk 00:09:31]} {[%emt 00:00:26]} 40. Re8# {[%clk 00:12:49]}
{[%emt 00:00:09]} 1-0

[Event "DEM U10w 2021"]
[Site "Willingen GER"]
[Date "2021.08.28"]
[Round "9"]
[White "Wagner, Cosima"]
[Black "Hefele, Stefanie"]
[Result "1-0"]
[Termination "normal"]
[Board "3"]
[WhiteElo "1110"]
[BlackElo "1044"]
[WhiteClock "00:31:10"]
[BlackClock "00:56:01"]
[PlyCount "117"]
[WhiteFideId "34603484"]
[BlackFideId "34612041"]
[EventCountry "GER"]
[EventRounds "11"]
[EventType "swiss"]
[EventDate "2021.08.22"]

1. e4 {[%clk 01:15:57]} {[%emt 00:00:02]} e5 {[%clk 01:15:51]} {[%emt
00:00:09]} 2. Nf3 {[%clk 01:16:23]} {[%emt 00:00:04]} Nc6 {[%clk 01:16:13]}
{[%emt 00:00:08]} 3. Bc4 {[%clk 01:16:47]} {[%emt 00:00:06]} Bc5 {[%clk
01:16:36]} {[%emt 00:00:07]} 4. c3 {[%clk 01:17:13]} {[%emt 00:00:05]} Nf6
{[%clk 01:16:57]} 5. d4 {[%clk 01:17:35]} {[%emt 00:00:16]} exd4 {[%clk
01:17:14]} 6. O-O {[%clk 01:18:00]} {[%emt 00:00:18]} d5 {[%emt 00:01:29]} 7.
exd5 {[%clk 01:16:24]} {[%emt 00:01:04]} Nxd5 {[%emt 00:00:47]} 8. cxd4 {[%clk
01:14:43]} {[%emt 00:02:08]} Bb6 {[%clk 01:15:19]} 9. Re1+ {[%clk 00:59:53]}
{[%emt 00:17:35]} Nce7 {[%clk 01:12:22]} 10. Qb3 {[%clk 00:53:56]} {[%emt
00:09:54]} c6 {[%clk 01:09:06]} 11. Nc3 {[%clk 00:52:25]} {[%emt 00:05:47]} Be6
{[%clk 01:06:42]} 12. Bg5 {[%clk 00:48:33]} {[%emt 00:07:16]} Nxc3 {[%clk
01:01:47]} {[%emt 00:05:24]} 13. Bxe6 {[%clk 00:46:27]} {[%emt 00:02:35]} fxe6
{[%clk 00:59:22]} {[%emt 00:02:54]} 14. Bxe7 {[%clk 00:44:11]} {[%emt
00:02:47]} Qxe7 {[%clk 00:57:43]} {[%emt 00:02:10]} 15. Rxe6 {[%clk 00:42:50]}
{[%emt 00:01:50]} Ne2+ {[%clk 00:57:09]} {[%emt 00:01:05]} 16. Kf1 {[%clk
00:40:01]} {[%emt 00:03:19]} Nxd4 {[%clk 00:57:04]} {[%emt 00:00:34]} 17. Rxe7+
{[%clk 00:40:19]} {[%emt 00:00:13]} Kxe7 {[%clk 00:57:03]} {[%emt 00:00:31]}
18. Re1+ {[%emt 00:01:15]} Kd6 {[%clk 00:56:24]} {[%emt 00:01:07]} 19. Qd3
{[%clk 00:39:33]} {[%emt 00:00:33]} c5 {[%clk 00:56:01]} {[%emt 00:00:52]} 20.
b4 {[%clk 00:39:04]} {[%emt 00:01:00]} Kd5 {[%clk 00:55:05]} {[%emt 00:01:26]}
21. Re5+ {[%clk 00:36:01]} {[%emt 00:03:33]} Kc6 {[%clk 00:54:31]} {[%emt
00:01:04]} 22. bxc5 {[%clk 00:33:36]} {[%emt 00:02:56]} Bxc5 {[%clk 00:53:03]}
{[%emt 00:01:57]} 23. Nxd4+ {[%clk 00:33:31]} {[%emt 00:00:34]} Bxd4 {[%clk
00:52:54]} {[%emt 00:00:36]} 24. Qxd4 {[%clk 00:33:46]} {[%emt 00:00:19]} Rhd8
{[%clk 00:52:38]} {[%emt 00:00:46]} 25. Qe4+ {[%clk 00:33:10]} {[%emt
00:01:07]} Kb6 {[%clk 00:52:24]} {[%emt 00:00:42]} 26. Re6+ {[%clk 00:33:07]}
{[%emt 00:00:33]} Ka5 {[%clk 00:52:24]} {[%emt 00:00:31]} 27. Re5+ {[%clk
00:31:50]} {[%emt 00:01:48]} b5 {[%clk 00:52:37]} {[%emt 00:00:16]} 28. Qxh7
{[%clk 00:30:54]} {[%emt 00:01:26]} Rh8 {[%clk 00:51:56]} {[%emt 00:01:10]} 29.
Qxg7 {[%clk 00:30:50]} {[%emt 00:00:34]} Rxh2 {[%clk 00:52:11]} {[%emt
00:00:15]} 30. Qc7+ {[%clk 00:30:58]} {[%emt 00:00:23]} Ka4 {[%clk 00:52:22]}
{[%emt 00:00:19]} 31. Re4+ {[%clk 00:31:17]} {[%emt 00:00:12]} b4 {[%clk
00:52:23]} {[%emt 00:00:27]} 32. Qxh2 {[%clk 00:31:37]} {[%emt 00:00:10]} Rc8
{[%clk 00:52:04]} {[%emt 00:00:50]} 33. Qf4 {[%clk 00:31:23]} {[%emt 00:00:44]}
a5 {[%clk 00:51:43]} {[%emt 00:00:51]} 34. Qf3 {[%clk 00:30:21]} {[%emt
00:01:33]} Rc1+ {[%clk 00:51:52]} {[%emt 00:00:20]} 35. Re1 {[%clk 00:30:15]}
{[%emt 00:00:35]} Rxe1+ {[%clk 00:51:54]} {[%emt 00:00:28]} 36. Kxe1 {[%clk
00:30:40]} {[%emt 00:00:06]} Kb5 {[%clk 00:51:41]} {[%emt 00:00:43]} 37. g4
{[%clk 00:30:17]} {[%emt 00:00:53]} a4 {[%clk 00:51:54]} {[%emt 00:00:18]} 38.
g5 {[%clk 00:29:56]} {[%emt 00:00:50]} a3 {[%clk 00:51:55]} {[%emt 00:00:29]}
39. Qb3 {[%clk 00:30:16]} {[%emt 00:00:10]} Kc5 {[%clk 00:51:56]} {[%emt
00:00:28]} 40. g6 {[%clk 00:29:17]} {[%emt 00:01:30]} Kd6 {[%clk 00:52:11]}
{[%emt 00:00:15]} 41. g7 {[%clk 00:29:39]} {[%emt 00:00:08]} Ke5 {[%clk
00:52:21]} {[%emt 00:00:20]} 42. g8=N {[%clk 00:29:52]} {[%emt 00:00:16]} Kf5
{[%clk 00:52:35]} {[%emt 00:00:17]} 43. Qxb4 {[%clk 00:30:09]} {[%emt
00:00:13]} Ke6 {[%clk 00:52:39]} {[%emt 00:00:26]} 44. Qxa3 {[%clk 00:30:21]}
{[%emt 00:00:18]} Kf7 {[%clk 00:52:58]} {[%emt 00:00:10]} 45. Qb3+ {[%clk
00:30:37]} {[%emt 00:00:15]} Kf8 {[%clk 00:53:07]} {[%emt 00:00:21]} 46. a4
{[%clk 00:30:23]} {[%emt 00:00:45]} Ke8 {[%clk 00:53:12]} {[%emt 00:00:23]} 47.
a5 {[%clk 00:30:48]} {[%emt 00:00:06]} Kd7 {[%clk 00:53:24]} {[%emt 00:00:18]}
48. a6 {[%clk 00:31:08]} {[%emt 00:00:10]} Kc7 {[%clk 00:53:38]} {[%emt
00:00:14]} 49. a7 {[%clk 00:31:19]} {[%emt 00:00:21]} Kd7 {[%clk 00:53:58]}
{[%emt 00:00:10]} 50. a8=B {[%clk 00:31:30]} {[%emt 00:00:13]} Kc7 {[%clk
00:54:26]} {[%emt 00:00:07]} 51. Qc4+ {[%clk 00:31:20]} {[%emt 00:00:41]} Kb8
{[%clk 00:54:34]} {[%emt 00:00:22]} 52. Bd5 {[%clk 00:31:07]} {[%emt 00:00:43]}
Ka7 {[%clk 00:54:45]} {[%emt 00:00:18]} 53. Nf6 {[%clk 00:30:52]} {[%emt
00:00:46]} Kb6 {[%clk 00:54:53]} {[%emt 00:00:22]} 54. Nd7+ {[%clk 00:31:10]}
{[%emt 00:00:13]} Ka7 {[%clk 00:55:04]} {[%emt 00:00:18]} 55. Qc5+ {[%clk
00:31:25]} {[%emt 00:00:15]} Ka6 {[%clk 00:55:14]} {[%emt 00:00:21]} 56. Qb4
{[%clk 00:31:02]} {[%emt 00:00:53]} Ka7 {[%clk 00:55:29]} {[%emt 00:00:15]} 57.
Qb8+ {[%clk 00:30:48]} {[%emt 00:00:43]} Ka6 {[%clk 00:55:48]} {[%emt
00:00:11]} 58. Nc5+ {[%clk 00:30:50]} {[%emt 00:00:29]} Ka5 {[%clk 00:56:01]}
{[%emt 00:00:16]} 59. Nb3+ {[%clk 00:31:10]} {[%emt 00:00:09]} 1-0

[Event "DEM U10w 2021"]
[Site "Willingen GER"]
[Date "2021.08.28"]
[Round "9"]
[White "Zhou, Leyi Charlotte"]
[Black "Bakó, Isabella"]
[Result "1-0"]
[Termination "normal"]
[Board "4"]
[WhiteElo "1100"]
[BlackElo "1173"]
[WhiteClock "00:25:10"]
[BlackClock "00:15:40"]
[PlyCount "69"]
[WhiteFideId "16258100"]
[BlackFideId "16287266"]
[EventCountry "GER"]
[EventRounds "11"]
[EventType "swiss"]
[EventDate "2021.08.22"]

1. e4 {[%clk 01:15:57]} {[%emt 00:00:02]} c5 {[%clk 01:14:56]} {[%emt
00:01:04]} 2. Nf3 {[%clk 01:16:02]} {[%emt 00:00:24]} d6 {[%clk 01:15:20]}
{[%emt 00:00:07]} 3. d4 {[%clk 01:15:31]} {[%emt 00:01:00]} cxd4 {[%clk
01:15:26]} {[%emt 00:00:25]} 4. Nxd4 {[%clk 01:15:24]} {[%emt 00:00:36]} Nf6
{[%clk 01:15:43]} {[%emt 00:00:13]} 5. Nc3 {[%clk 01:14:33]} {[%emt 00:01:23]}
g6 {[%clk 01:15:30]} {[%emt 00:00:41]} 6. Bc4 {[%clk 01:13:14]} {[%emt
00:01:49]} e6 {[%clk 01:14:24]} {[%emt 00:01:36]} 7. O-O {[%clk 01:12:39]}
{[%emt 00:01:06]} Bg7 {[%clk 01:14:33]} {[%emt 00:00:21]} 8. Re1 {[%clk
01:10:52]} {[%emt 00:02:17]} O-O {[%clk 01:13:33]} {[%emt 00:01:31]} 9. Bg5
{[%clk 01:10:24]} {[%emt 00:00:58]} Qc7 {[%clk 01:12:11]} {[%emt 00:01:49]} 10.
Bb3 {[%clk 01:09:17]} {[%emt 00:01:39]} Nc6 {[%clk 01:10:08]} {[%emt 00:02:33]}
11. Ndb5 {[%clk 01:06:44]} {[%emt 00:03:03]} Qb6 {[%clk 01:05:38]} {[%emt
00:05:00]} 12. Nxd6 {[%clk 01:05:34]} {[%emt 00:01:40]} Rd8 {[%clk 01:01:29]}
{[%emt 00:04:38]} 13. Qf3 {[%clk 00:54:13]} {[%emt 00:11:52]} Ne5 {[%clk
00:56:16]} {[%emt 00:05:42]} 14. Qf4 {[%clk 00:51:09]} {[%emt 00:03:35]} Nh5
{[%clk 00:56:01]} {[%emt 00:00:44]} 15. Bxd8 {[%clk 00:50:12]} {[%emt
00:01:27]} Qxd6 {[%clk 00:55:05]} {[%emt 00:01:26]} 16. Qh4 {[%clk 00:48:25]}
{[%emt 00:02:17]} f6 {[%clk 00:43:40]} {[%emt 00:11:56]} 17. Rad1 {[%clk
00:46:07]} {[%emt 00:02:48]} Qf8 {[%clk 00:40:16]} {[%emt 00:03:54]} 18. Qh3
{[%clk 00:45:10]} {[%emt 00:01:27]} Qf7 {[%clk 00:37:37]} {[%emt 00:03:08]} 19.
Qe3 {[%clk 00:36:06]} {[%emt 00:09:35]} Nc6 {[%clk 00:36:50]} {[%emt 00:01:18]}
20. g4 {[%clk 00:35:46]} {[%emt 00:00:50]} Ne5 {[%clk 00:25:55]} {[%emt
00:11:24]} 21. gxh5 {[%clk 00:33:57]} {[%emt 00:02:19]} Bh6 {[%clk 00:26:10]}
{[%emt 00:00:14]} 22. Qxh6 {[%clk 00:31:56]} {[%emt 00:02:32]} Nf3+ {[%clk
00:23:21]} {[%emt 00:03:19]} 23. Kf1 {[%clk 00:31:25]} {[%emt 00:01:02]} Nxe1
{[%clk 00:23:33]} {[%emt 00:00:17]} 24. Kxe1 {[%clk 00:31:39]} {[%emt
00:00:16]} Bd7 {[%clk 00:23:39]} {[%emt 00:00:24]} 25. Bc7 {[%clk 00:30:20]}
{[%emt 00:01:49]} g5 {[%clk 00:23:02]} {[%emt 00:01:07]} 26. f4 {[%clk
00:28:07]} {[%emt 00:02:43]} gxf4 {[%clk 00:21:15]} {[%emt 00:02:17]} 27. Qxf4
{[%clk 00:28:03]} {[%emt 00:00:33]} Kh8 {[%clk 00:20:31]} {[%emt 00:01:15]} 28.
Be5 {[%clk 00:27:29]} {[%emt 00:01:05]} Bc6 {[%clk 00:17:14]} {[%emt 00:03:47]}
29. Bxf6+ {[%clk 00:27:14]} {[%emt 00:00:44]} Kg8 {[%clk 00:17:26]} {[%emt
00:00:18]} 30. Qe5 {[%clk 00:26:10]} {[%emt 00:01:34]} Re8 {[%clk 00:16:31]}
{[%emt 00:01:22]} 31. Qg5+ {[%clk 00:25:35]} {[%emt 00:01:08]} Kf8 {[%clk
00:16:30]} {[%emt 00:00:32]} 32. Qh6+ {[%clk 00:25:09]} {[%emt 00:00:55]} Kg8
{[%clk 00:16:49]} {[%emt 00:00:11]} 33. Kf2 {[%clk 00:25:12]} {[%emt 00:00:26]}
Qxf6+ {[%clk 00:15:11]} {[%emt 00:02:09]} 34. Qxf6 {[%clk 00:25:35]} {[%emt
00:00:07]} Rf8 {[%clk 00:15:40]} 35. Rg1# {[%clk 00:25:10]} {[%emt 00:00:16]}
1-0

[Event "DEM U10w 2021"]
[Site "Willingen GER"]
[Date "2021.08.28"]
[Round "9"]
[White "Will, Elina"]
[Black "Rafikova, Ailin"]
[Result "1/2-1/2"]
[Termination "normal"]
[Board "5"]
[WhiteElo "1181"]
[BlackElo "1375"]
[WhiteClock "00:47:38"]
[BlackClock "00:39:41"]
[PlyCount "41"]
[WhiteFideId "34623434"]
[BlackFideId "34612173"]
[EventCountry "GER"]
[EventRounds "11"]
[EventType "swiss"]
[EventDate "2021.08.22"]

1. e4 {[%clk 01:15:59]} e5 {[%clk 01:15:50]} {[%emt 00:00:10]} 2. Nf3 {[%clk
01:16:22]} {[%emt 00:00:06]} Nc6 {[%clk 01:15:56]} {[%emt 00:00:25]} 3. d4
{[%clk 01:16:43]} {[%emt 00:00:09]} exd4 {[%clk 01:15:26]} {[%emt 00:01:01]} 4.
Nxd4 {[%clk 01:17:04]} {[%emt 00:00:08]} Bc5 {[%clk 01:14:55]} {[%emt
00:01:01]} 5. Nxc6 {[%clk 01:17:25]} {[%emt 00:00:07]} bxc6 {[%clk 01:14:44]}
{[%emt 00:00:42]} 6. Bc4 {[%clk 01:16:57]} {[%emt 00:00:59]} d6 {[%clk
01:12:57]} {[%emt 00:02:11]} 7. O-O {[%emt 00:00:59]} Ne7 {[%clk 01:11:28]}
{[%emt 00:01:56]} 8. Bg5 {[%clk 01:14:39]} {[%emt 00:02:28]} O-O {[%clk
01:09:26]} {[%emt 00:02:31]} 9. Qh5 {[%clk 01:06:41]} {[%emt 00:08:28]} Qd7
{[%clk 01:00:36]} {[%emt 00:09:20]} 10. Nc3 {[%clk 01:05:01]} {[%emt 00:02:10]}
Ng6 {[%clk 00:58:53]} {[%emt 00:02:13]} 11. Rad1 {[%clk 01:03:35]} {[%emt
00:01:56]} Qg4 {[%clk 00:57:20]} {[%emt 00:01:58]} 12. Be2 {[%clk 01:02:23]}
{[%emt 00:01:48]} Qxh5 {[%clk 00:56:23]} {[%emt 00:01:26]} 13. Bxh5 {[%clk
01:02:32]} {[%emt 00:00:22]} Ba6 {[%clk 00:55:14]} {[%emt 00:01:40]} 14. Be2
{[%clk 01:01:49]} {[%emt 00:01:12]} Bxe2 {[%clk 00:54:21]} {[%emt 00:01:22]}
15. Nxe2 {[%clk 01:02:00]} {[%emt 00:00:19]} Rab8 {[%clk 00:53:35]} {[%emt
00:01:16]} 16. Bc1 {[%clk 00:59:44]} {[%emt 00:02:47]} a5 {[%clk 00:49:23]}
{[%emt 00:04:41]} 17. Nc3 {[%clk 00:55:30]} {[%emt 00:04:44]} Rfe8 {[%clk
00:46:36]} {[%emt 00:03:16]} 18. Rfe1 {[%clk 00:52:14]} {[%emt 00:03:48]} Ne5
{[%clk 00:43:24]} {[%emt 00:03:40]} 19. Na4 {[%clk 00:50:12]} {[%emt 00:02:34]}
Ba7 {[%clk 00:42:10]} {[%emt 00:01:23]} 20. Be3 {[%clk 00:49:08]} {[%emt
00:01:54]} Bxe3 {[%clk 00:39:41]} {[%emt 00:02:59]} 21. Rxe3 {[%clk 00:47:38]}
{[%emt 00:02:01]} 1/2-1/2